000
00307nam a22001457a 4500
008
190129b xxu||||| |||| 00| 0 eng d
020
_a
0-397-54252-6
041
_a
eng
080
_a
616
082
_a
616
100
_a
9
101
_a
PAT
245
_a
Pathophysiology
_c
Porth Carol
942
_2
udc
_c
BK
999
_c
53847
_d
53847